[Event "FIDE GP+"]
[Site "Dubai"]
[Date "2002.04.05"]
[Round "3.1"]
[White "Ivanchuk, Vassily"]
[Black "Radjabov, Teimour"]
[Result "0-1"]
[WhiteElo "2717"]
[BlackElo "2599"]
[Annotator "Tsesarsky,I"]
[PlyCount "74"]
[EventDate "2002.04.03"]
[EventType "k.o. (rapid)"]
[EventRounds "5"]
[EventCountry "UAE"]
[SourceTitle "CBM 089"]
[Source "ChessBase"]
[SourceDate "2002.08.12"]
[SourceVersion "1"]
[SourceVersionDate "2002.08.12"]
[SourceQuality "1"]

1. d4 Nf6 2. c4 g6 3. Nc3 Bg7 4. e4 d6 5. Nf3 O-O 6. Be2 e5 7. O-O Nc6 8. d5
Ne7 9. Ne1 Nd7 10. Nd3 f5 11. Bd2 Kh8 {-more flexible than} (11... c5 12. f3
Kh8 13. Rb1 Nf6 14. b4 b6 15. bxc5 bxc5 16. Rb3 (16. g4 {and White has tempo
over in the same position - after Ra1-c1-b1- see below.}) 16... h5 17. Qc1 f4
18. Qa3 g5 19. Rfb1 g4 $132 {1/2-1/2 Mohandesi,S-Schebler,G/Antwerp 1998/EXT
2000 (78)}) 12. Rc1 Nf6 13. f3 c5 {Here White has a choice between} 14. Rb1 {
[%cal Gb2b4]} ({and} 14. g4 h6 (14... a6 15. Nf2 (15. Rb1 b5 16. cxb5 axb5 17.
b4 c4 18. Nf2 Bd7 19. Kg2 Nc8 20. a4 bxa4 21. Bxc4 Nb6 22. Ba2 Ne8 23. Qe2 Bf6
24. Nb5 Bg5 $15 {0-1 Jankovskis,G-Volke,K/Biel 1993/TD (30)}) 15... h6 (15...
Bd7 16. a3 Neg8 17. b4 b6 18. bxc5 bxc5 19. Rb1 Ne8 20. Qc1 Ra7 21. Kg2 Bf6 22.
exf5 gxf5 23. g5 Bg7 24. f4 $14 {1-0 Ftacnik,L-Ost Hansen,J/Esbjerg 1982/MCL 
(65)}) 16. h4 $1 (16. Kg2 $6 fxg4 17. fxg4 g5 18. Rb1 Ng6 19. Kg3 b6 20. b4 Ra7
21. bxc5 bxc5 22. Na4 Raf7 $15 {0-1 Halasz,T-Schmidt,W/Dortmund 1991/TD (38)})
16... fxg4 17. fxg4 Neg8 18. Kg2 Nh7 19. Rh1 Bf6 20. g5 hxg5 21. h5 Qe8 22. b4
(22. Qa4 b5 (22... Bd7 $2 23. hxg6 Nh6 24. Rxh6 Bxa4 25. Rxh7+ Kg8 26. Bg4 (26.
Nxa4 Qxa4 27. Bg4 Rae8) 26... Qxg6 27. Rxb7 Be8 (27... Rf7 28. Rxf7 Kxf7 29.
Bf5 Qg7 30. Nxa4 $18) 28. Bf5 $1 $18) 23. cxb5 Bd7 24. Qb3 $14) (22. Be3 Bd8
23. h6 $14 (23. Qa4 Bd7 24. Qa3 g4 $15 {[%csl Ra3] 0-1 Hoeksema,H-Van Wely,L/
Dieren 1990/CBM 19 ext (42)})) 22... cxb4 23. Na4 Bd8 24. Bxb4 Bd7 25. hxg6
Qxg6 26. c5 $132 {1/2-1/2 Gelfand,B-Kasparov,G/Linares 1990/CBM 17 (45)}) (
14... Bd7 15. Kg2 (15. Nf2 Neg8 16. Kh1 f4 17. b4 b6 18. Nb5 a6 19. Na3 Ne8 20.
Rb1 Qh4 21. Be1 h5 22. bxc5 bxc5 23. Nd3 Qf6 24. h3 Nh6 25. Rb6 Qd8 26. Rb2
hxg4 27. hxg4 Bf6 28. Kg2 Bh4 29. Rh1 Bxe1 30. Qxe1 Kg7 31. Qh4 Qxh4 32. Rxh4
Nf7 $14 {1-0 Ftacnik,L-Geller,E/Sochi 1977/EXT 99 (69)}) (15. a3 a5 16. b3 Nc8
17. Kh1 Nb6 18. Nf2 Rf7 19. gxf5 gxf5 20. f4 $132 {1-0 Taimanov,M-Geller,E/
Moscow 1973/URS-ch (45)}) 15... Neg8 16. Rb1 a5 17. b3 h5 18. g5 Nh7 19. h4 f4
{[%csl Rg2,Rg5][%cal Gh7g5]} 20. Rh1 Rf7 21. Kf2 Bf8 22. Bf1 Qc8 23. Bg2 Be7
24. Qf1 Nf8 25. Bh3 Bxh3 26. Qxh3 Qxh3 27. Rxh3 Bd8 28. Nb5 Bc7 29. Ke2 Bb8 30.
Rhh1 $16 {1-0 Butnorius,A-Mochalov,E/Krasnodar 1980/EXT 99 (66)}) (14... Neg8
15. Kg2 Ne8 (15... h6 16. h4 fxg4 17. fxg4 Nh7 18. Rh1 Bf6 19. Kg3 a6 20. a3 b6
21. b4 Ra7 22. Be3 h5 23. g5 Bg7 (23... Nxg5 24. hxg5 Bxg5 25. Qg1 Nh6 26. Rc2
{[%cal Gg1c1]} (26. Kh2 Ng4+ 27. Bxg4 Bxg4 28. Bf2 Bxc1 29. Qxc1 Rf3 $17 {
0-1 Zueger,B-Belotti,B/Leibnitz 1990/CBM 20 (37)}) 26... Raf7 27. Qc1 $16) 24.
Rf1 Raf7 25. Rxf7 Rxf7 $14) 16. g5 f4 17. h4 Rf7 18. Rh1 Bf8 19. Qg1 Ng7 20.
Bd1 Nh5 21. Ne2 h6 22. Kf1 Be7 23. Ba4 hxg5 24. hxg5 Bxg5 25. Be8 Rg7 26. Bxg6
Rxg6 27. Rxh5+ Kg7 28. Bc3 $132 {1-0 Ftacnik,L-Nunn,J/Vienna 1986/CBM 01 (40)})
15. h4 (15. Kg2 fxg4 16. fxg4 g5 17. Kh1 Ng6 18. Rg1 Qe7 19. Nf2 Nf4 20. Bf1
Rg8 21. Ne2 h5 22. gxh5 Bh6 23. Ng3 Qh7 24. Rc3 Bd7 25. Bd3 Rae8 26. Bc2 a6 27.
Ra3 Bf8 28. Nf5 (28. Ba4 $14) 28... Nxe4 $1 $132 {1-0 Kozul,Z-Riegler,P/
Maribor 1993/CBM 36 (44)}) 15... a6 16. Rb1 Nh7 17. Kg2 Ng8 18. Rh1 Bf6 19. Qe1
Bd7 20. Qg3 f4 (20... Be7 21. f4 $1 $16 {1-0 Kozul,Z-Fedorov,A/Pula 1997/CBM
57 ext (58)}) 21. Qf2 b5 22. h5 g5 23. b4 bxc4 24. Ne1 cxb4 25. Rxb4 $14) 14...
f4 (14... a5 15. a3 fxe4 (15... Neg8 16. b4 axb4 17. axb4 b6 18. bxc5 bxc5 19.
Qc1 Nh5 20. Nb5 fxe4 21. fxe4 Rxf1+ 22. Bxf1 Qf8 23. Be3 Nhf6 24. Nf2 Ng4 25.
Nxg4 Bxg4 26. Qd2 $14 {0-1 Allen,A-Speck,N/Sydney 1992/EXT 97 (38)}) 16. fxe4
a4 17. Nf2 Bd7 18. g4 h6 19. h4 Neg8 20. g5 Nh7 21. Qc1 Qe7 22. Nd3 Rxf1+ 23.
Kxf1 Rf8+ 24. Kg2 Rf7 25. Qh1 Bf8 26. Qh2 Qd8 27. Rg1 hxg5 28. hxg5 Be7 29. Kh1
$14 {1-0 Piesina,G-Lapienis,D/Vilnius 1995/CBM 49 ext (49)}) (14... h6 15. b4
b6 16. bxc5 bxc5 17. Nf2 g5 18. Nb5 Ng6 19. g3 f4 20. Qe1 a6 21. Nc3 Bd7 22.
Bd1 Qe7 23. Na4 Rab8 24. Nb6 $14 {1-0 Maksimovic,B-Cela,A/Heraklio 1993/TD (45)
}) (14... Neg8 15. b4 b6 16. bxc5 bxc5 17. Qa4 (17. g4 Ne8 18. Qc1 fxg4 19.
fxg4 Rxf1+ 20. Qxf1 Bf6 21. Qc1 {1/2-1/2 Jermann,F-Baeurle,S/Bayern 1999/EXT
2000 (21)}) 17... Ne8 18. Qc6 Bd7 19. Qb7 Bh6 20. Bxh6 Nxh6 21. f4 fxe4 22.
Nxe4 exf4 23. Nxf4 Rf7 24. Bd3 Kg8 25. Rbe1 $16 {1-0 Hauchard,A-Tratar,M/
Paranana 1993/EXT 97 (33)}) 15. b4 (15. g4 h5 16. h3 Nh7 17. Be1 a5 18. Kg2 Ng8
19. Bf2 Bf6 20. Qe1 Bd7 21. Rh1 Nh6 22. Kf1 Ng5 23. Qd1 hxg4 24. hxg4 Kg7 25.
Ke1 a4 26. Kd2 Qa5 27. Kc1 $14 (27. Ne1 Nxg4 28. Bg1 Ne3 $17 {0-1 Jensen,
J-Dalsgaard,H/Denmark 1998/EXT 99 (42)})) 15... b6 (15... cxb4 16. Rxb4 b6 17.
a4 a5 18. Rb2 Bd7 19. Qb3 Nc8 20. Be1 Be8 21. Bf2 Nd7 22. Rfb1 h5 23. Nb5 g5
24. Kh1 Rg8 25. Qd1 $14 {0-1 Pavlov,A-Loginov,V/Novgorod 1999/CBM 69 ext (63)})
16. bxc5 bxc5 17. g4 (17. g3 g5 18. g4 h5 19. h3 {-see comments to the game 1/
2-1/2 Lutz,C-Kindermann,S/Baden-Baden 1992/CBM 33[Wahls] (60)}) 17... g5 18.
Kf2 (18. Nf2) 18... Ng6 19. h3 h5 20. Qa4 Qe7 21. Ke1 Nh4 22. Rf2 hxg4 23. hxg4
Nxg4 $2 $18 {This piece sacrifice is too brave and optimistic...} 24. fxg4 f3
25. Bf1 Bxg4 26. Rh2 Bh5 {It is no problem to blockade PPf3 and g5.} 27. Kf2 ({
Possible also} 27. Be3 g4 28. Bf2 Bf6 29. Qa6 $18 {[%cal Gb1b7,Gc3b5]}) 27...
Rf4 28. Bh3 $2 $132 ({Why not} 28. Qc6 Rg8 29. Rb7 Qf6 30. Bxf4 gxf4 (30...
exf4 31. e5 $18) 31. Qd7 $18) 28... g4 29. Rg1 $1 {The best!} ({Badly was to
return} 29. Bf1 $2 Rg8 (29... g3+ 30. Kxg3 Rg8 31. Kf2 $18) 30. Rh1 (30. Kg3
Bf6 31. Qc6 (31. Nxf4 exf4+ 32. Bxf4 Be5 $19) 31... Bg5 32. Rb7 f2 33. Rxh4
Bxh4+ 34. Kg2 Qf8 35. Nxf4 exf4 36. Qd7 Bg6 $19) 30... g3+ 31. Kxg3 Bf6+ 32.
Kf2 Rg2+ 33. Ke1 f2+ 34. Nxf2 Nf3+ 35. Kd1 Nh2+ 36. Kc1 Rgxf2 37. Bxf4 exf4 38.
Nd1 Bxd1 39. Qxd1 Qe5 40. Qd3 f3 41. Kd1 Bg5 $17) (29. Qc6 Rg8 30. Rhh1 ({Loses
} 30. Rb7 $2 g3+ $1 31. Kxg3 f2 $1 $19 {[%csl Rg3]}) 30... gxh3 31. Rxh3 Rg4
$17) 29... gxh3 30. Rxh3 (30. Bxf4 $2 exf4 31. Nb5 Qxe4 $19) 30... Rg4 $1 31.
Rxg4 Bxg4 32. Rg3 Bd7 33. Qd1 (33. Bg5 $5 {Would simplify position:} Qxg5 34.
Rxg5 Bxa4 35. Nxa4 (35. Rh5+ Kg8 36. Nxa4 Bf6 37. Kg3 Rb8 38. Nc3 a6 39. Rxh4
Bxh4+ 40. Kxh4 Rb4 41. Nd1 Rxc4 42. N3f2 Rc2 43. Kg3 Rxa2 44. Kxf3 $17) 35...
Bf6 36. Rg4 Rf8 37. Nc3 a6 38. Nb1 Bd8 39. Nd2 Kh7 40. Rg3 Ba5 41. Nxf3 $11)
33... Bf6 34. Qg1 Rf8 35. Nd1 $4 $19 ({Right was} 35. Ne1 Qh7 36. Qh1 Bd8 $22
37. Nc2 (37. Nxf3 Be8 $19 {[%csl Rf3][%cal Ge8h5]}) 37... Bc8 (37... Ba5 38.
Bg5 Bxc3 39. Qxh4 Qxh4 40. Bxh4 Ba4 41. Ne3 Rf7 42. Nf5 $14) 38. Ne3 a6 39. Qh2
Qh5 40. Nf1 Bd7 41. Ne3 Bg5 42. Nf1 Bxd2 43. Nxd2 Bg4 44. Nd1 Rf4 45. Ne3 $44)
35... Ng2 $5 ({Immediately wins} 35... Qh7 {[%csl Re4][%cal Gh7e4]} 36. Nc3 Ng2
37. Rxf3 Bh4+ 38. Kxg2 Qg7+ $19) 36. Qh2+ Bh4 37. Bg5 $6 (37. Kg1 Qh7 $19)
37... Qxg5 0-1

[Event "FIDE GP+"]
[Site "Dubai"]
[Date "2002.04.05"]
[Round "3.3"]
[White "Ivanchuk, Vassily"]
[Black "Radjabov, Teimour"]
[Result "1/2-1/2"]
[WhiteElo "2717"]
[BlackElo "2599"]
[Annotator "Stohl,I"]
[PlyCount "144"]
[EventDate "2002.04.03"]
[EventType "k.o. (rapid)"]
[EventRounds "5"]
[EventCountry "UAE"]
[SourceTitle "CBM 089"]
[Source "ChessBase"]
[SourceDate "2002.08.12"]
[SourceVersion "1"]
[SourceVersionDate "2002.08.12"]
[SourceQuality "1"]

1. d4 Nf6 2. Nf3 g6 3. g3 Bg7 4. Bg2 O-O 5. O-O d6 6. c4 a6 7. Nc3 Nc6 8. b3
Rb8 9. Nd5 Nh5 ({A solid alternative for Black is} 9... e6 10. Nxf6+ Qxf6 11.
Bb2 e5 (11... Qe7 12. Rc1 e5 13. d5 Nd8 14. Qc2 b6 (14... Bh6 $142 $5) 15. b4
Nb7 16. Nd2 Bd7 17. e4 f5 18. exf5 Bxf5 19. Ne4 a5 20. a3 $14 {Ruck,R-Efimenko,
Z/EU-ch Ohrid/2001/}) 12. d5 Nd8 13. c5 Qe7 14. cxd6 cxd6 15. Nd2 f5 16. Nc4
Nf7 17. Rc1 b6 18. a4 a5 19. b4 axb4 20. a5 bxa5 21. Nxa5 Bd7 22. Nc6 Bxc6 23.
dxc6 e4 24. Bxg7 Kxg7 25. f3 exf3 26. exf3 Ne5 27. Qd4 Qf6 28. Rfd1 Rf7 29. f4
{1/2,Podgaets,M-Fedorov,A/Aeroflot Moscow/2002/} Ng4 $11 {<=>}) 10. Bb2 e6 11.
Nc3 b5 12. d5 Ne7 13. dxe6 Bxe6 {Developing the B is logical enough, but Black
keeps his own even after} (13... fxe6 {[%csl Gc7,Gd6,Ge6] Black controls the 
[+] and keeps his own even after the pawn sacrifice} 14. c5 $5 dxc5 15. Qc2 Nc6
16. Ne4 Nd4 17. Nxd4 cxd4 18. Rad1 e5 19. e3 Bf5 20. exd4 exd4 21. Qc5 Rf7 22.
Rd2 Qe7 23. Qxe7 Rxe7 24. Nc5 d3 $1 25. Bxg7 Nxg7 26. Nxa6 Rd8 {Horvath,
J-Blehm,P/Budapest zt/2000/} 27. Rfd1 Ne6 28. Nb4 Nd4 29. h3 $5 c5 30. Nxd3
Red7 31. Nxc5 Ne2+ 32. Rxe2 Rxd1+ 33. Kh2 $11) 14. cxb5 axb5 15. Qd2 (15. Qc2
Bf5 $6 (15... b4 16. Ne4 {-15.Qd2 b4}) (15... Nf6 16. Ng5 Bf5 $11) 16. e4 Bg4
17. Rfe1 Re8 18. h3 Bxf3 19. Bxf3 b4 20. Na4 Bxb2 21. Nxb2 Ng7 22. Rad1 $14 {
Rustemov,A-Komljenovic,D/Seville/2002/}) 15... Nf6 ({Somewhat later Radjabov
used a somewhat different approach:} 15... b4 16. Ne4 Bxb2 17. Qxb2 Bd5 18.
Ned2 f5 $5 $146 (18... c5 19. e4 Be6 20. Rad1 Nc6 21. Rfe1 Re8 22. e5 dxe5 23.
Ne4 Qb6 24. Nd6 Red8 25. Nxe5 Nd4 26. Ndc4 Bxc4 27. Nxc4 Qf6 28. Re5 Re8 29.
Rde1 {1/2,Cvitan,O-Tkachiev,V/CRo Cup Pula/1999/} (29. Rxc5 Ne2+ 30. Kf1 Nhxg3+
$1 31. hxg3 Nxg3+ 32. Kg1 Ne2+ $11) 29... Ng7 $132) 19. Rfd1 Nf6 20. Rac1 Qd7
21. Nc4 Ne4 22. Ne3 Ba8 23. a3 Nc3 24. Rd2 Ne4 25. Rdd1 Nc3 26. Re1 Ne4 27. Nc2
bxa3 28. Qxa3 Nd5 29. b4 Rfe8 30. Nfd4 {Georgiev,K-Radjabov,T/Sarajevo/2002/}
f4 $5 $13) 16. Ng5 Bf5 $146 {This B is important for the time being and Black
shouldn't allow its exchange on e6.} (16... b4 $6 17. Nce4 Ned5 18. Nxe6 fxe6
19. Nxf6+ Nxf6 20. Rac1 $36 Nd7 $2 21. Bxg7 Kxg7 22. Rc4 $16 {Cvitan,O-Jenni,F/
Mitropa Cup Baden/1999/}) (16... Bd7 17. Nce4 Nf5 18. Rac1 Ne8 19. Bxg7 Kxg7
20. Rfd1 Qe7 21. Nh3 Rd8 22. Nf4 c6 23. Qc3+ Kg8 24. a4 bxa4 25. bxa4 Ra8 26.
a5 $36 {[%csl Ga5][%cal Gc1c8,Gd1d8] ->[+],o^a,Jirovsky,M-Tissir,M/Tanta op/
2001/}) 17. Rfd1 {This allows Black welcome simplification.} ({A more
ambitious continuation was} 17. e4 Bd7 18. b4 $5 {although here Black is also
not without chances:} (18. Nd5 Nexd5 19. exd5 h6 20. Ne4 Nxe4 21. Bxe4 Bxb2 22.
Qxb2 Re8 $11) 18... h6 19. Nf3 Be6 (19... Nc8 20. e5 Ng4 21. Rad1 $5 $36) 20.
Nd4 (20. Rfd1 $5) 20... Bc4 21. Rfd1 c5 22. Nc2 Nc6 $132) 17... b4 18. Nce4 (
18. Na4 $6 h6 19. Nf3 Bd7 $15) 18... Bxe4 $1 (18... Nxe4 19. Bxe4 $5 {keeps
more tension in the position.}) 19. Nxe4 Nxe4 20. Bxe4 Bxb2 21. Qxb2 Qd7 $11
22. Rd2 (22. Qc2 c6 23. Bf3 Qe6 {/\d5=}) 22... Qe6 23. Bf3 c6 24. h4 h5 25.
Rad1 d5 26. e4 $5 {An inspired attempt, but it's not enough to get an
advantage.} (26. Qd4 Nf5 27. Qf4 Rfe8 28. Rc2 Rb6 $11) 26... dxe4 (26... Rfd8
27. exd5 Nxd5 (27... cxd5 28. Qd4 $36) 28. Qc2 $14) 27. Rd6 Qf5 28. Rf6 Qc5 29.
Bxe4 Rbd8 $1 30. Rc1 {Now Black even gets some initiative due to the misplaced
Rf6.} (30. Rd2 $142 Nd5 $5 31. Rc2 Qe7 32. Bxd5 Rxd5 $11 33. Rcxc6 (33. Rfxc6
$2 Rd1+ 34. Kg2 Qe1 $19) 33... Rd1+ 34. Kh2 Qe4 35. f3 Qe7 $5 $40 (35... Qe1
36. Rxg6+ fxg6 37. Rxg6+ Kf7 38. Qf6+ Ke8 39. Qc6+ $11)) 30... Qd4 31. Qxd4
Rxd4 {[%csl Rf6]} 32. Rf4 (32. Bxc6 $4 Kg7 33. Rf3 Rc8 $19) (32. Bg2 Rfd8 $15)
32... Kg7 (32... f5 $2 33. Bxc6 $14 {/\} Rxf4 34. gxf4 Rc8 35. Bd5+) (32...
Rfd8 $5 33. Rc5 Kg7 $15) 33. Kg2 Rc8 34. Rc5 Rd2 35. Bf3 Ra8 $1 (35... Rxa2 36.
Rxb4 $14) 36. Re5 Nf5 (36... Ra7 $5) 37. Bxc6 Raxa2 38. Bb5 Rac2 (38... f6 $5
39. Ree4 (39. Rexf5 gxf5 40. Rxf5 Kg6 $15) 39... Nh6 40. Kf1 $1 (40. Rxb4 Ng4
41. Rbd4 Rxf2+ 42. Rxf2 Rxf2+ 43. Kg1 $11 {/=/+}) 40... Ng4 41. Re2) 39. Bc4
Rc3 (39... f6 40. Re8 Rc3 41. Kf1 $11) 40. Rexf5 $1 gxf5 41. Rxf5 {White wins
another P or liquidates the <<, thus guaranteeing hmself a draw.} Rcc2 $6 (
41... Kg6 $142 42. Rf4 (42. Rg5+ Kf6 43. Rxh5 Rcc2 44. Rb5 Rxf2+ 45. Kh3 Rc3
46. Rxb4 Rff3 $15) 42... Rd7 (42... f6 43. Be6 $11) 43. Bb5 Rb7 44. Rxb4 Kg7
45. Rc4 Rxb3 46. Bc6 $11) 42. Bxf7 Rb2 43. Bc4 Kg6 44. Rf8 Kg7 45. Rf4 Kh6 46.
Kg1 Rd1+ 47. Kh2 Rdd2 48. Kg2 Kg7 49. g4 $11 {/+/= Now White is the active
side and he can undertake winning attempts without risk.} hxg4 50. Rxg4+ Kh6
51. Rf4 Kg6 52. Kg3 Kh6 53. Rf6+ Kg7 54. Rf5 Kg6 55. Rf4 (55. Rg5+ Kf6 56. f4
$5 $14) 55... Kh6 56. Rf8 Kg7 57. Rf5 Kg6 58. Rg5+ Kf6 59. Rg8 Ke7 (59... Rxb3+
$5 60. Bxb3 Rd3+ $11) 60. Rg7+ Kf6 61. Rb7 Rxb3+ $5 {Black finally decides to
go for the safest solution-such R_|_ are drawn even without the bP.} (61...
Rxf2 $4 62. Rf7+ $18) (61... Ra2 $11 {/+/=}) 62. Bxb3 Rd3+ 63. Kg4 Rxb3 64. h5
Rb1 65. h6 Rg1+ 66. Kf4 Rh1 $11 67. h7 (67. Rxb4 $4 Rh4+) (67. Rb6+ Kf7 68. Kg5
Rg1+ 69. Kf5 Rh1 70. f4 b3 $11) 67... Kg6 68. Rxb4 Kxh7 69. Kg5 Kg7 70. Rb7+
Kf8 71. f4 Ra1 72. f5 Ra6 (72... Ra6 73. f6 Ra1 $11 {In the well-known
Philidor position Black draws easily.}) 1/2-1/2

[Event "FIDE GP+"]
[Site "Dubai"]
[Date "2002.04.05"]
[Round "3.4"]
[White "Radjabov, Teimour"]
[Black "Ivanchuk, Vassily"]
[Result "1/2-1/2"]
[WhiteElo "2599"]
[BlackElo "2717"]
[Annotator "Ftacnik,L"]
[PlyCount "69"]
[EventDate "2002.04.03"]
[EventType "k.o. (rapid)"]
[EventRounds "5"]
[EventCountry "UAE"]
[SourceTitle "CBM 089"]
[Source "ChessBase"]
[SourceDate "2002.08.12"]
[SourceVersion "1"]
[SourceVersionDate "2002.08.12"]
[SourceQuality "1"]

1. d4 Nf6 2. c4 g6 3. Nc3 d5 4. Nf3 Bg7 5. Qb3 dxc4 6. Qxc4 O-O 7. e4 Bg4 8.
Be3 Nfd7 9. Qb3 Nb6 10. Rd1 e6 11. Be2 Nc6 12. Ng1 Bxe2 13. Ngxe2 Qe7 14. O-O
Rfd8 15. f3 {Radjabov consequently avoids the usual move a3, that excludes the
exchange of the queens on b4 square.} (15. a3 Na5 (15... h6 16. Na4 Na5 17. Qc2
Nac4 18. Bc1 Nxa4 19. Qxa4 Nb6 20. Qb3 Qd7 21. Bf4 {1-0 Meduna,E-Jansa,V/
Trnava 1982/ (68)}) 16. Qb5 (16. Qb4 Nac4 17. Bg5 f6 18. Bc1 a5 19. Qb3 a4 20.
Qc2 Kh8 21. Rfe1 c6 22. Kh1 e5 23. dxe5 Nxe5 {1/2-1/2 Gligoric,S-Smejkal,J/
Novi Sad 1982/ (105)}) 16... Nac4 17. Bg5 f6 18. Bc1 c6 19. Qb3 Kh8 20. Qc2
Rac8 (20... e5 21. dxe5 Nxe5 22. a4 {1/2-1/2 Chandler,M-Smejkal,J/Vrsac 1981/ 
(22)}) 21. a4 e5 22. dxe5 Nxe5 23. b3 Rxd1 24. Rxd1 Rd8 25. Be3 {1-0 Ivkov,
B-Jansa,V/Skara 1980/ (62)}) (15. d5 Na5 16. Qb5 Nac4 17. Bc5 Nd6 18. Qb3 exd5
19. exd5 Rd7 20. Ng3 Qh4 21. Nge2 Nf5 22. Rd3 Qc4 {0-1 Alexandria,
N-Gaprindashvili,N/Tskhaltubo 1988/ (38)}) 15... Rd7 16. Kh1 (16. a3 Rad8 $13)
16... Qb4 17. Qxb4 (17. Qc2 Nc4 18. Bc1 Nxd4 $17) 17... Nxb4 18. Bf2 (18. b3
Nc2 19. Bf2 Rad8 20. Nb5 c5 21. Bh4 Ne3 (21... f6 $5 $15) 22. Bxd8 Rxd8 23.
dxc5 Nxd1 24. cxb6 axb6 $15) 18... Rad8 19. Bh4 Rc8 (19... f6 $6 20. e5 $1 $14)
20. b3 Nc2 21. Bf2 Rcd8 22. Bh4 Ne3 $5 {Ivanchuk has decided to simplify the
position tactically, chances remain about equal.} (22... f6 23. Bf2 f5 24. Nf4
Kf7 25. d5 exd5 26. Ncxd5 c6 27. Ne3 $11) 23. Bxd8 Rxd8 24. Rfe1 Nxd1 25. Rxd1
Bf8 (25... h5 26. Kg1 Kf8 $15) 26. g3 c5 27. dxc5 (27. d5 c4 $5) 27... Rxd1+
28. Nxd1 Bxc5 29. Kg2 Nd7 30. Nb2 $1 Kf8 31. Nd3 Ke7 32. f4 (32. Nxc5 Nxc5 33.
Kf2 f6 34. Ke3 e5 $11) 32... Kd6 33. Kf3 a6 34. Nc3 f5 35. h3 1/2-1/2

[Event "FIDE GP+"]
[Site "Dubai"]
[Date "2002.04.05"]
[Round "3.5"]
[White "Radjabov, Teimour"]
[Black "Ivanchuk, Vassily"]
[Result "1-0"]
[WhiteElo "2599"]
[BlackElo "2717"]
[Annotator "Horn,Pe"]
[PlyCount "137"]
[EventDate "2002.04.03"]
[EventType "k.o. (rapid)"]
[EventRounds "5"]
[EventCountry "UAE"]
[SourceTitle "CBM 089"]
[Source "ChessBase"]
[SourceDate "2002.08.12"]
[SourceVersion "1"]
[SourceVersionDate "2002.08.12"]
[SourceQuality "1"]

1. Nf3 Nf6 2. b3 g6 3. Bb2 Bg7 4. g3 O-O 5. Bg2 d5 6. c4 c6 7. O-O Bg4 8. d3
Nbd7 9. Nbd2 a5 10. h3 $146 (10. a3) (10. Qc2) (10. Rc1) 10... Bxf3 11. Nxf3 e6
(11... Re8 $5) 12. Qc2 Re8 13. e4 dxe4 (13... e5) 14. dxe4 e5 15. Rad1 $14 Qc7
16. Ba3 (16. a3 $14) 16... Bf8 17. c5 Qb8 $6 18. g4 {Wegen seiner passiven
Aufstellung hat Schwarz keine echte Chance, die Schwäche auf f4 auszunutzen.}
Rd8 19. Rd2 Be7 20. Rfd1 $16 (20. g5 $2 Nh5 {würde Schwarz sehr freuen.}) 20...
Nf8 21. Rxd8 Bxd8 22. Bb2 Bc7 23. Bf1 {[%cal Yf1c4] Ein Standardmanöver im
Königsindischen Angriff..} Qe8 24. Bc4 Qe7 25. Ng5 Ne6 26. Nxe6 fxe6 27. a3 Kf7
28. b4 axb4 29. axb4 Rd8 30. Ra1 {Der besser stehende Weiße ist an einem
Abtausch nicht interessiert.} Ne8 31. Qb3 Ng7 32. Kg2 (32. Qg3 $5 $16) 32... h5
33. Ra7 Bb8 34. Ra8 hxg4 35. hxg4 Bc7 36. Rxd8 Qxd8 37. Qf3+ (37. b5 {ist der
weiße Hebel. Da Schwarz aber keine aktiven Möglichkeiten hat, kann Weiß sich
Zeit lassen und auf einen geeigneteren Moment warten.}) 37... Qf6 38. Qd3 Qe7
39. Bc1 g5 40. Qf3+ Kg6 41. Bd2 Qd8 42. Qe3 Qf6 43. b5 $1 {Es ist soweit.} cxb5
44. Bxb5 Qe7 45. Bc4 Ne8 46. Bb5 Ng7 47. Ba4 Qf6 48. Qb3 Qd8 49. Be3 Qc8 50.
Qb5 Kf6 51. Qb4 ({Nach} 51. Qd7 $18 {ist der Fall des Pb7 nicht zu verhindern.}
) 51... Kg6 52. Qb3 Bd8 53. Qd3 Be7 54. Qb5 Qc7 55. Bb3 $2 (55. Qd7 $18) 55...
Kf7 56. Qc4 Qc6 57. Qe2 $2 {Hier wird nicht mehr viel Zeit vorhanden gewesen
sein...} Ne8 $2 (57... Qxe4+ $15) 58. Qf3+ Kg6 59. Kh2 Nf6 60. Qh3 $2 (60. Kg1)
60... Qxe4 $2 (60... Bxc5 $17) 61. Bxe6 Kg7 62. Bf5 Qc4 63. Kg2 Qd5+ 64. Kg1
Qd1+ 65. Kg2 Qd5+ 66. Kh2 Bxc5 (66... Qb3) 67. Bxg5 Bxf2 $2 ({Nach} 67... Ng8
68. Qh7+ Kf8 {ist die Lage noch nicht klar.}) 68. Qh6+ Kg8 69. Qg6+ 1-0